000 00875cam a22002651a 4500
001 58771
003 BD-RjUL
005 20211209080645.0
008 161219s1968 rur b 000 0 eng
035 _a(BD-RjUL)58895
035 _a2546163
040 _aLC
_beng
_cLC
_dLC
041 1 _aengrus
082 0 _a330.9
_223
_bVAP 1968
100 1 _aVarga, Eugen,
_d1879-1964.
_9174711
245 1 0 _aPolitico-economic problems of capitalism /
_c[by] Y. Varga. Translated from the Russian by Don. Danemanis.
260 _aMoscow :
_bProgress Publishers,
_c1968.
300 _a351 p. ;
_c20 cm.
500 _aTranslation of Ocherki po probleman politekonomii kapitalizma.
504 _aBibliographical footnotes.
650 0 _aEconomic history
_y1945-1971.
_9174712
942 _2ddc
_cBK
999 _c58771
_d58771